VI Congreso de panadería nacional : temas y ponentes / organizado por la Federación Nacional de Fabricantes de Pan temas y ponentes / organizado por la Federación Nacional de Fabricantes de Pan
MARC
| LEADER | 00000nam a2200000Ia 4500 | ||
|---|---|---|---|
| 001 | 22126 | ||
| 003 | BGR | ||
| 005 | 20260410113643.0 | ||
| 008 | 160829s1929 xx 000 0 cat d | ||
| 080 | |a RF-15-70 | ||
| 111 | |a Congreso de Panadería Nacional |9 70950 |c (Barcelona : |d 1929) | ||
| 245 | |a VI Congreso de panadería nacional : |b temas y ponentes / organizado por la Federación Nacional de Fabricantes de Pan | ||
| 260 | |a Barcelona : |b Imprenta La Renaixença, |c 1929 | ||
| 300 | |a 67 p. ; |c 24 cm | ||
| 590 | |a Celebrat entre els dies 22 i 30 d'octubre de 1929. | ||
| 590 | |a Prové de 4199, exp. 5 | ||
| 650 | |a Pa |x Congressos |9 47106 | ||
| 710 | 2 | |a Federación Nacional de Fabricantes de Pan |9 70952 | |
| 856 | 4 | |u https://media.diba.cat/diba/fitxers/arxiu/fulletons/bib_22126_1929_baixa.pdf |y Accés lliure | |
| 856 | 4 | |u https://media.diba.cat/diba/fitxers/arxiu/fulletons/bib_22126_1929_baixa.pdf |y Accés lliure | |
| 900 | |a bib_22126_1929_baixa.pdf | ||
| 901 | |a Arxiu | ||
| 942 | |n 1 |2 udc |c MON | ||
| 952 | |0 0 |1 0 |4 0 |6 RF1570 |7 1 |9 53667 |a Arxiu |b Arxiu |d 2016-12-01 |l 0 |o RF-15-70 |p 22126 |r 2016-12-01 00:00:00 |w 2016-12-01 |y ARXIU | ||
| 999 | |c 57533 |d 57533 | ||